Spectral and angular characteristics of vavilov-cherenkov radiation from a dialectric target in the millimeter wavelength range; Физико-технические проблемы в науке, промышленности и медицине

Podrobná bibliografie
Parent link:Физико-технические проблемы в науке, промышленности и медицине.— 2015.— [С. 80]
Hlavní autor: Bleko V. V. Vitold Vladislavovich
Korporativní autor: Национальный исследовательский Томский политехнический университет (ТПУ) Физико-технический институт (ФТИ) Кафедра прикладной физики (№ 12) (ПФ) Инновационная международная научно-образовательная лаборатория "Фотон" (ИМНОЛ "Фотон")
Další autoři: Soboleva V. V. Veronika Vyacheslavovna
Shrnutí:Заглавие с титульного экрана
Jazyk:angličtina
Vydáno: 2015
Edice:Математическое моделирование в фундаментальных и прикладных исследованиях
Témata:
On-line přístup:http://earchive.tpu.ru/handle/11683/17591
http://www.lib.tpu.ru/fulltext/c/2015/C49/054.pdf
Médium: Elektronický zdroj Kapitola
KOHA link:https://koha.lib.tpu.ru/cgi-bin/koha/opac-detail.pl?biblionumber=612657

MARC

LEADER 00000naa2a2200000 4500
001 612657
005 20231101132722.0
035 |a (RuTPU)RU\TPU\conf\10788 
035 |a RU\TPU\conf\10766 
090 |a 612657 
100 |a 20150623d2015 k y0rusy50 ba 
101 0 |a eng 
102 |a RU 
105 |a y z 101zy 
135 |a drgn ---uucaa 
181 0 |a i  
182 0 |a b 
200 1 |a Spectral and angular characteristics of vavilov-cherenkov radiation from a dialectric target in the millimeter wavelength range  |f V. V. Bleko, V. V. Soboleva 
203 |a Текст  |c электронный 
225 1 |a Математическое моделирование в фундаментальных и прикладных исследованиях 
230 |a 1 компьютерный файл (pdf; 429 Кb) 
300 |a Заглавие с титульного экрана 
320 |a [Библиогр.: с. 80 (5 назв.)] 
337 |a Adobe Reader 
463 0 |0 (RuTPU)RU\TPU\conf\10637  |t Физико-технические проблемы в науке, промышленности и медицине  |o сборник тезисов докладов VII Международной научно-практической конференции, г. Томск, 3-6 июня 2015 г.  |f Национальный исследовательский Томский политехнический университет (ТПУ) ; под ред. А. Н. Дьяченко [и др.]  |v [С. 80]  |d 2015 
610 1 |a труды учёных ТПУ 
610 1 |a электронный ресурс 
610 1 |a излучение Вавилова-Черенкова 
610 1 |a спектральные характеристики 
610 1 |a угловые характеристики 
610 1 |a диапазоны 
610 1 |a длина волны 
610 1 |a поляризация 
610 1 |a мишени 
700 1 |a Bleko  |b V. V.  |c physicist  |c engineer-researcher of Tomsk Polytechnic Universit  |f 1989-  |g Vitold Vladislavovich  |2 stltpush  |3 (RuTPU)RU\TPU\pers\32285 
701 1 |a Soboleva  |b V. V.  |c physicist  |c engineer-researcher of Tomsk Polytechnic Universit  |f 1988-  |g Veronika Vyacheslavovna  |2 stltpush  |3 (RuTPU)RU\TPU\pers\32286 
712 0 2 |a Национальный исследовательский Томский политехнический университет (ТПУ)  |b Физико-технический институт (ФТИ)  |b Кафедра прикладной физики (№ 12) (ПФ)  |b Инновационная международная научно-образовательная лаборатория "Фотон" (ИМНОЛ "Фотон")  |h 4349  |2 stltpush  |3 (RuTPU)RU\TPU\col\20731 
801 2 |a RU  |b 63413507  |c 20210210  |g RCR 
856 4 |u http://earchive.tpu.ru/handle/11683/17591 
856 4 |u http://www.lib.tpu.ru/fulltext/c/2015/C49/054.pdf 
942 |c BK